00137nam a2200061Ia 4500008004100000100001400041245002000055120527s9999 xx 000 0 und d aCole Don  aEconomics 93/94